Culture Générale - Série 1283 - Statistiques

Statistiques générales
  • Ce quiz a été pris 86 fois
  • Le résultat moyen est 4 sur 10
Statistiques - réponses
Question Réponse % Correct
Combien de cavités comprend le cœur ? quatre
96%
Combien de dents de lait un enfant a-t-il en moyenne ? 20
75%
Sous quel nom le personnage d'Alexandre Dumas, Edmond Dantès, est-il mieux connu ? Le comte de Monte-Cristo
68%
Selon le proverbe, si l'on passe Noël « au balcon », où passe-t-on Pâques ? au tison
65%
Selon les légendes arthuriennes, quelle fée a enfermé Merlin pour l'éternité ? fée Viviane
34%
Qui a écrit, à propos de l'amitié, « parce que c'était lui parce que c'était moi » ? Montaigne
25%
Jusqu'à quel âge un albatros peut-il vivre ? 50 ans
10%
En quel élément l'uranium se convertit-il en perdant sa radioactivité ? plomb
9%
Comment appelle-t-on les habitants des Bouches-du-Rhône ? Bucco-rhodaniens
8%
Comment s'appelle la colonne qui orne la place de la Bastille, à Paris ? La colonne de Juillet
1%
Aucun quiz correspondant
Distribution des résultats
% des personnes avec chaque résultat
Percentile par nombre de réponses
Votre historique - résultats
Vous n’avez pas pris ce quiz